-
GAUTAM, DR. HEMENDRA & TIWARI, DR. SHASHANK AND KADWE, MADAN KUMAR
Entry Personal Name
Number of records used in: 1
001 - CONTROL NUMBER
003 - CONTROL NUMBER IDENTIFIER
005 - DATE AND TIME OF LATEST TRANSACTION
- control field:
20240919161930.0
008 - FIXED-LENGTH DATA ELEMENTS
- fixed length control field:
240919|| aca||aabn | a|a d
040 ## - CATALOGING SOURCE
- Original cataloging agency:
JRU
- Transcribing agency:
JRU
100 ## - HEADING--PERSONAL NAME
- Personal name:
GAUTAM, DR. HEMENDRA & TIWARI, DR. SHASHANK AND KADWE, MADAN KUMAR
670 ## - SOURCE DATA FOUND
- Source citation:
Work cat.: (JRU)8692: GAUTAM, DR. HEMENDRA & TIWARI, DR. SHASHANK AND KADWE, MADAN KUMAR , HOSPITAL AND CLINICAL PHARMACY [DPHARMACY, 2ND YEAR]